<?xml version="1.0" encoding="UTF-8"?>
<record
    xmlns:xsi="http://www.w3.org/2001/XMLSchema-instance"
    xsi:schemaLocation="http://www.loc.gov/MARC21/slim http://www.loc.gov/standards/marcxml/schema/MARC21slim.xsd"
    xmlns="http://www.loc.gov/MARC21/slim">

  <leader>00782nam a2200217 a 4500</leader>
  <controlfield tag="001">5598</controlfield>
  <controlfield tag="003">CDMR</controlfield>
  <controlfield tag="005">20131022135528.0</controlfield>
  <controlfield tag="008">130130s1999||||||||||||||||||||||||||||d</controlfield>
  <datafield tag="020" ind1=" " ind2=" ">
    <subfield code="a">8488042280</subfield>
  </datafield>
  <datafield tag="040" ind1=" " ind2=" ">
    <subfield code="a">CDMR</subfield>
    <subfield code="b">cat</subfield>
    <subfield code="c">CDMR</subfield>
  </datafield>
  <datafield tag="245" ind1="0" ind2="0">
    <subfield code="a">Televisi&#xF3;n de proximidad en Europa</subfield>
    <subfield code="b">: experiencias de descentralizaci&#xF3;n en la era digital</subfield>
    <subfield code="c">editores Miguel de Moragas Sp&#xE0;, Carmelo Garitaonand&#xED;a, Bernat L&#xF3;pez ; autores Peter Arvidson [et al.]</subfield>
  </datafield>
  <datafield tag="260" ind1=" " ind2=" ">
    <subfield code="a">Bellaterra</subfield>
    <subfield code="c">1999</subfield>
    <subfield code="b">Universitat Aut&#xF2;noma de Barcelona</subfield>
  </datafield>
  <datafield tag="490" ind1="0" ind2=" ">
    <subfield code="a">Aldea global</subfield>
    <subfield code="v">6</subfield>
  </datafield>
  <datafield tag="650" ind1="0" ind2="4">
    <subfield code="9">3711</subfield>
    <subfield code="a">Televisi&#xF3;</subfield>
    <subfield code="z">Europa</subfield>
  </datafield>
  <datafield tag="650" ind1="0" ind2="4">
    <subfield code="9">3089</subfield>
    <subfield code="a">Televisi&#xF3; local</subfield>
  </datafield>
  <datafield tag="700" ind1="1" ind2=" ">
    <subfield code="9">475</subfield>
    <subfield code="a">Moragas Sp&#xE0;, Miquel de</subfield>
  </datafield>
  <datafield tag="700" ind1="1" ind2=" ">
    <subfield code="9">1718</subfield>
    <subfield code="a">Garitaonandia, Carmelo</subfield>
  </datafield>
  <datafield tag="700" ind1="1" ind2=" ">
    <subfield code="9">3050</subfield>
    <subfield code="a">L&#xF3;pez L&#xF3;pez, Bernat</subfield>
  </datafield>
  <datafield tag="942" ind1=" " ind2=" ">
    <subfield code="c">MON</subfield>
    <subfield code="2">udc</subfield>
  </datafield>
  <datafield tag="999" ind1=" " ind2=" ">
    <subfield code="c">5598</subfield>
    <subfield code="d">5598</subfield>
  </datafield>
  <datafield tag="952" ind1=" " ind2=" ">
    <subfield code="0">0</subfield>
    <subfield code="1">0</subfield>
    <subfield code="4">0</subfield>
    <subfield code="7">0</subfield>
    <subfield code="a">CDMR</subfield>
    <subfield code="b">CDMR</subfield>
    <subfield code="d">2013-01-16</subfield>
    <subfield code="l">0</subfield>
    <subfield code="o">Fm 8/2</subfield>
    <subfield code="p">CDMR13107728H</subfield>
    <subfield code="r">2013-01-16</subfield>
    <subfield code="w">2013-01-16</subfield>
    <subfield code="y">MON</subfield>
  </datafield>
</record>
